Score 0/109 Timer 15:00
0 Plays Today
Times Ranked City % Correct
22New York
99.7%
22Philadelphia
98.1%
22Boston
98%
21Washington
96.9%
22Baltimore
95.2%
12Los Angeles
94.4%
20New Orleans
94.3%
20Pittsburgh
93.8%
15Atlanta
93.4%
17Chicago
92.9%
17Cleveland
92.4%
17Detroit
91%
20Cincinnati
90.5%
15San Francisco
90.4%
20Providence
89.8%
12Dallas
89.8%
18St. Louis
89.8%
17Columbus
89.4%
18Nashville
89.3%
11Houston
88.8%
18Buffalo
88.6%
16Indianapolis
88.6%
22Richmond
88%
12Seattle
87.8%
8Miami
87.6%
14Kansas City
86.5%
10Kansas City
86.5%
19Louisville
86.4%
13Minneapolis
86%
19Hartford
85.9%
9San Diego
85.6%
16Memphis
85.5%
18Albany
85.1%
13Denver
84.6%
12Portland
84.4%
12Portland
84.4%
18Newark
83.7%
Times Ranked City % Correct
13San Antonio
83.1%
16Milwaukee
81.2%
10Oklahoma City
80.6%
15St. Paul
80.4%
10Jacksonville
77.7%
11Birmingham
77.3%
11Salt Lake City
75.9%
15Springfield
75.5%
13Trenton
75.1%
18Rochester
74.8%
13Charleston
74.6%
13Des Moines
74.1%
14Omaha
74%
8Tampa
73.5%
11Sacramento
73%
15Jersey City
72.4%
14Syracuse
72.1%
16Savannah
71.2%
15Toledo
70.2%
18New Haven
69.6%
11Akron
69%
13Oakland
68.6%
10Ft. Worth
67.6%
14Mobile
67.1%
9El Paso
66.9%
9Tulsa
66.9%
22Norfolk
65.8%
8Lexington
64.3%
17Dayton
62.9%
11Harrisburg
62%
12Wilmington
59.6%
16Worcester
59%
9Scranton
57%
12Yonkers
56.7%
11Tacoma
56.3%
9Wichita
56%
9Augusta
55.9%
Times Ranked City % Correct
10Spokane
55.8%
14Ft. Wayne
55.6%
10Erie
55.6%
14Grand Rapids
54.1%
12Bridgeport
53.5%
13Cambridge
52.9%
10Brooklyn (Now Part of New York)
52.3%
8Manchester
48.8%
8Newport
47.4%
11Salem
43.3%
12Lowell
42.9%
9Youngstown
41.3%
14Paterson
41%
11Camden
40.7%
8Alexandria
40.7%
13Elizabeth
40.5%
8Long Beach
39.9%
13Utica
36.5%
10Peoria
35.7%
11Evansville
35.1%
15Reading
34.3%
16New Bedford
29.3%
13Fall River
27.4%
11Troy
27.2%
10Schenectady
27%
11Lancaster
25.1%
14Lynn
24%
8Lawrence
18%
9Allegheny (Now Part of Pittsburgh)
16.6%
8Northern Liberties (Now Part of Philadelphia)
16%
10Gloucester
12.7%
8Southwark (Now Part of Philadelphia)
10.3%
10Petersburg
10.1%
8Charlestown (Now Part of Boston)
8.9%
8Newburyport
3.8%
Come Together.
Have Fun.
All Virtual.
We all need to come together. Play Sporcle's virtual live trivia to have fun, connect with people, and get your trivia on. Join a live hosted trivia game for your favorite pub trivia experience done virtually. If a virtual private party is more your thing, go here for details.

You're not logged in!

Compare scores with friends on all Sporcle quizzes.
OR
Log In

Sporcle TV

Today on Sporcle TV


Watch our educational content, quiz creation guides, and fun videos on Sporcle TV.

Show Comments

Extras

Top Quizzes Today


Score Distribution

Paid Content

Your Account Isn't Verified!

In order to create a playlist on Sporcle, you need to verify the email address you used during registration. Go to your Sporcle Settings to finish the process.

Report this User

Report this user for behavior that violates our Community Guidelines.

Details: